| 000 | 00952nam a2200253Ia 4500 | ||
|---|---|---|---|
| 999 |
_c34530 _d34530 |
||
| 001 | 280 | ||
| 003 | GE_BSU | ||
| 005 | 20221125152944.0 | ||
| 008 | 181216s2006||||ge |||||||||||||| ||geo|| | ||
| 020 | _a9994051709x | ||
| 040 | _cGE_BSU | ||
| 041 | _aeng | ||
| 080 | _a159.9(075.8) გ–59 | ||
| 100 |
_aგოგიჩაიშვილი, თამაზ _916113 |
||
| 245 |
_aზოგადი ფსიქოლოგიის კურსი / _c[რედ.: გ. მჭედლიშვილი]. |
||
| 264 |
_aთბილისი: _bუნივერსალი, _c2006. |
||
| 300 |
_a205 გვ.; _b20სმ. |
||
| 504 | _aბიბლიოგრ.: გვ. 201-202. | ||
| 541 | _h20ლ. | ||
| 653 | _aზოგადი ფსიქოლოგიის კურსი | ||
| 653 | _aფსიქოლოგია | ||
| 700 |
_aმჭედლიშვილი, გ. _eრედაქტორი _916114 |
||
| 942 |
_cBK _2udc |
||